000 00907nam a22001937a 4500
999 _c63254
_d63254
005 20250708112601.0
008 250708b xxu||||| |||| 00| 0 geo d
020 _a9780534237783 x
_q0534237789 x
041 _aeng
080 _a577.2 W-81
100 _a Wolfe, Stephen L
_925622
245 _aAn introduction to cell and molecular biology /
_cStephen L. Wolfe.
264 _aBelmont :
_bWadsworth Pub. Co.
_c1995.
300 _axvii, 820 p. :
_b ill. (some col.) ;
_c29 cm.
653 _aAn introduction to cell and molecular biology
653 _aშესავალი უჯრედულ და მოლეკულურ ბიოლოგიაში
653 _aAiming to remain balanced and integrated, this text offers a treatment of molecular biology, cell biology and biochemistry, and covers all of the topics in Wolfe's "Molecular and Cell Biology".
942 _2udc
_cᲬᲘᲒᲜᲘ